000 00886nas a2200301 4500
001 BR9209205
003 BR-BrBNA
005 20231205093232.0
007 ta
008 230509b bl.|||p| |||| 00| 00por d
040 _aBR-BrBNA
_bpor
_cBiblioteca Nacional de Agricultura
041 _a(Pt)
072 _aE70
100 1 _aSantiago, M.M.D.
100 1 _aCamargo, M. de L.B.
100 1 _aDonadelli, A.
100 1 _aMarinelli, E.M.R.
245 1 _aComportamento de precos: marco de 1990
650 _aPRECO RECEBIDO
650 _aPRECO PAGO
650 _aPRECO MEDIO
650 _aMERCADO ATACADISTA
650 _aMERCADO VAREJISTA
650 _aSAO PAULO
773 0 _tInformacoes Economicas - Instituto de Economia Agricola (Brazil)
_xISSN 0100-4409
_g(Apr 1990), v. 20(4) p. 61-106
_wBR9209205
909 _a202311
_bLúcia
_c55
_dLúcia Elande
942 _2AGRIS
_n0
_cANA
999 _c136998
_d136998